000 00625nam a2200265Ia 4500
005 20260121161415.0
008 008 260114s9999 xx 000 0 eng d
020 _a9781003378396
037 _aEBOOK
040 _aCRL
040 _beng
040 _cCRL
041 _2eng
041 _aeng
084 _qCRL
100 _aAntimalarial Medicinal Plants
_91044294
245 0 _aAzamal Husen
260 _bTaylor and Francis
260 _c2024
650 _aBotany
_91044295
856 _uhttp://www.taylorfrancis.com/books/9781003378396
942 _cEBOOK
999 _c1610554
_d1610554